000
00320 a2200121 4500
001
75995
040
_c
Anchieta - Colégio São Paulo
240
1
0
_a
Conecte matemática: ciência e aplicações, 1
_l
por
245
1
0
_a
Conecte matemática: ciência e aplicações, 1
300
_a
380
650
4
_a
Matemática
942
_c
BK
999
_c
75995
_d
75995